Social research / (Record no. 3426)

000 -LEADER
fixed length control field 01150cam a22003374i 4500
001 - CONTROL NUMBER
control field 17759545
003 - CONTROL NUMBER IDENTIFIER
control field OSt
005 - DATE AND TIME OF LATEST TRANSACTION
control field 20211115090802.0
008 - FIXED-LENGTH DATA ELEMENTS--GENERAL INFORMATION
fixed length control field 130531s2013 nyu b 001 0 eng
010 ## - LIBRARY OF CONGRESS CONTROL NUMBER
LC control number 2012537351
020 ## - INTERNATIONAL STANDARD BOOK NUMBER
International Standard Book Number 9780230295322
040 ## - CATALOGING SOURCE
Original cataloging agency DLC
Language of cataloging eng
Transcribing agency DLC
Description conventions rda
Modifying agency DLC
042 ## - AUTHENTICATION CODE
Authentication code pcc
050 00 - LIBRARY OF CONGRESS CALL NUMBER
Classification number H61
Item number .S32 2013
082 00 - DEWEY DECIMAL CLASSIFICATION NUMBER
Classification number 300.72
Edition number 23
100 1# - MAIN ENTRY--PERSONAL NAME
Personal name Sarantakos, S.
Fuller form of name (Sotirios),
Dates associated with a name 1939-
245 10 - TITLE STATEMENT
Title Social research /
Statement of responsibility, etc. Sotirios Sarantakos.
250 ## - EDITION STATEMENT
Edition statement 4th edition.
264 #1 - PRODUCTION, PUBLICATION, DISTRIBUTION, MANUFACTURE, AND COPYRIGHT NOTICE
Place of production, publication, distribution, manufacture New York, NY :
Name of producer, publisher, distributor, manufacturer Palgrave Macmillan,
Date of production, publication, distribution, manufacture, or copyright notice 2013.
300 ## - PHYSICAL DESCRIPTION
Extent xxiii, 509 pages ;
Dimensions 25 cm
336 ## - CONTENT TYPE
Content type term text
Source rdacontent
337 ## - MEDIA TYPE
Media type term unmediated
Source rdamedia
338 ## - CARRIER TYPE
Carrier type term volume
Source rdacarrier
500 ## - GENERAL NOTE
General note "Visit www.palgrave.com/sociology/sarantakos4e for an electronic workbook that contains revision and study materials"--Cover page 4.
504 ## - BIBLIOGRAPHY, ETC. NOTE
Bibliography, etc. note Includes bibliographical references (page 479-503) and index.
650 #0 - SUBJECT ADDED ENTRY--TOPICAL TERM
Topical term or geographic name entry element Social sciences
General subdivision Methodology.
906 ## - LOCAL DATA ELEMENT F, LDF (RLIN)
a 7
b cbc
c origcop
d 2
e ncip
f 20
g y-gencatlg
942 ## - ADDED ENTRY ELEMENTS (KOHA)
Source of classification or shelving scheme
Koha item type Book
Holdings
Withdrawn status Lost status Source of classification or shelving scheme Damaged status Not for loan Permanent Location Current Location Shelving location Date acquired Source of acquisition Total Checkouts Full call number Barcode Date last seen Price effective from Koha item type Public note
          AU LIBRARY AU LIBRARY Open Shelf 15.11.2021 PURCHASE   H61 .S32 2013 28004624 15.11.2021 15.11.2021 Book CM

Powered by Koha